Избранные труды по языкознанию: пер. с нем.

Бібліографічні деталі
Автор: Гумбольдт Вильгельм фон
Мова:Російська
Опубліковано: Москва, Прогресс, 2000
Редагування:2-е изд.
Серія:Филологи мира
Предмети:
Формат: MixedMaterials Книга
KOHA link:https://koha.lib.tpu.ru/cgi-bin/koha/opac-detail.pl?biblionumber=30333

MARC

LEADER 00000nam0a2200000 4500
001 30333
005 20231030203856.0
010 |a 501004661X 
035 |a (RuTPU)RU\TPU\book\30603 
035 |a BOOK00030680 
090 |a 30333 
100 |a 20011209d2000 k y0rusy50 ca 
101 1 |a rus  |c ger 
102 |a RU 
105 |a y z 001zy 
200 1 |a Избранные труды по языкознанию  |e пер. с нем.  |f В. фон Гумбольдт 
205 |a 2-е изд. 
210 |a Москва  |c Прогресс  |d 2000 
215 |a 397 с. 
225 1 |a Филологи мира 
320 |a Библиогр.: с. 371-372. 
320 |a Предм. указ.: с. 373-394. 
610 1 |a языкознание 
610 1 |a история 
610 1 |a теория 
610 1 |a языки мира 
610 1 |a речь 
610 1 |a мышление 
686 |a Ш10  |v LBC/SL-A  |2 rubbk 
700 1 |a Гумбольдт  |g Вильгельм фон 
801 0 |a RU  |b 63413507  |c 20011209  |g PSBO 
801 2 |a RU  |b 63413507  |c 20130911  |g PSBO 
942 |c BK